Clash Royale - all skeletons - Statistics

General Stats
  • This quiz has been taken 818 times
  • The average score is 9 of 13
Answer Stats
Answer % Correct
Skeletons
99%
Skeleton Army
97%
Skeleton Giant
88%
Skeleton King
81%
Skeleton Barrel
79%
Tombstone
76%
Graveyard
74%
Skeleton Dragons
65%
Bomber
63%
Guards
56%
Wall Breakers
50%
Balloon
48%
Bomb Tower
40%
No matching quizzes found
Score Distribution
Percent of People with Each Score
Percentile by Number Answered
Your Score History
You have not taken this quiz